Statistics for Subnational Flags 2

Click here to take the quiz!

General Stats

  • This quiz has been taken 144 times
  • The average score is 10 of 15

Answer Stats

Answer% Correct
Scotland
99%
Hong Kong
98%
Texas
96%
Faroe Islands
91%
Alaska
90%
Aruba
84%
Basque Country
82%
Ohio
80%
Dubai
68%
Alberta
62%
Reunion
56%
North Holland
39%
Schleswig-Holstein
34%
Balochistan
32%
Veracruz
21%

Score Distribution

Percentile by Number Answered

Percent of People with Each Score

Your Score History

You have not taken this quiz